| 000 | 03171cam a2200349 a 4500 | ||
|---|---|---|---|
| 001 | 15870869 | ||
| 003 | ARRUPE | ||
| 005 | 20150116124730.0 | ||
| 008 | 090817s2010 nyua 001 0 eng | ||
| 010 | _a 2009031890 | ||
| 020 | _a9780374239664 (hardcover) | ||
| 020 | _a0374239665 (hardcover) | ||
| 035 | _a(OCoLC)ocn429024672 | ||
| 040 |
_aDLC _cDLC _dBTCTA _dJST _dC#P _dYDXCP _dBWX _dCDX _dVP@ _dABG _dMOF _dNLGGC _dDLC |
||
| 041 | 1 |
_aeng _hger |
|
| 050 | 0 | 0 |
_aQC174.12 _b.Z4513 2010 |
| 082 | 0 | 0 |
_a530.12 _222 |
| 084 |
_a33.23 _2bcl |
||
| 100 | 1 |
_aZeilinger, Anton. _914143 |
|
| 240 | 1 | 0 |
_aEinsteins Spuk. _lEnglish |
| 245 | 1 | 0 |
_aDance of the photons : _bfrom Einstein to quantum teleportation / _cAnton Zeilinger. |
| 250 | _a1st ed. | ||
| 260 |
_aNew York : _bFarrar, Straus and Giroux, _c2010. |
||
| 300 |
_a305 p. : _bill. ; _c24 cm. |
||
| 500 | _aIncludes index. | ||
| 505 | 0 | _aUnderneath the Danube -- Space travel -- The stuff called light. Light is a wave ; Light is particles -- Sheepdogs and Einstein's particles of light -- Einstein and his Nobel Prize -- A conflict -- How we became certain of uncertainty -- Quantum uncertainty : just our ignorance , or is it the way things are? The quantum excuse -- The quantum verdict against teleportation -- Quantum entanglement comes to the rescue. Entangled quantum dice ; The original teleportation protocol -- Alice and Bob in the quantum lab. Alice and Bob's experiment : the first steps -- The polarization of light : a lecture by Professor Quantinger. The polarization of individual quanta of light -- Alice and Bob discover twins. ...And invent hidden properties -- John's introduction of Einstein, Podolsky, and Rosen. The reality criterion ; Reality in Alice and Bob's experiment ; The locality assumption -- John's story on local hidden variables -- Alice and Bob's experiment gives confusing results -- John Bell's story -- Alice and Bob find out that things aren't as they think they are -- Faster than light and back into the past? -- Alice, Bob, and the speed of light limit -- Loopholes -- In the Tyrolean Mountains -- The quantum lottery -- Quantum lottery with two photons. Quantum lottery with entangled photons -- Quantum money : the end to all forgery. From classical bits to quantum bits -- A quantum truck can transport more than it can carry -- Atomic sources of entanglement of early experiments -- The super-source and closing the communication loophole -- Quantum teleportation at the River Danube -- The multiphoton surprise and, along the road, quantum teleportation -- Teleporting entanglement. A ghostly idea ; Connecting quantum computer ; Reality vs. information -- Further experiments -- Quantum information technology -- The future of quantum teleportation. Teleportation as a means of travel? -- Signals out of the sky above Tenerife -- Recent developments and some open questions -- What does it all mean? | |
| 650 | 0 |
_aQuantum theory. _914144 |
|
| 650 | 0 |
_aQuantum teleportation. _914145 |
|
| 906 |
_a7 _bcbc _corignew _d1 _eecip _f20 _gy-gencatlg |
||
| 942 |
_2lcc _cMONOGRAPH |
||
| 999 |
_c121736 _d121736 |
||